00603nam a2200181Ia 4500008004100000082001500041100002100056245002400077250000800101260002800109300001200137500002400149650001600173942000700189952010400196952010400300999001700404230524s9999 xx 000 0 und d a510.3bBAL aV.K.Balachandran 0aTopological Algebra a1ST aNEW DELHIbNarosac1999 aXII;442 aQuantity Number: 2 aMathematics cBK 00104070aTATCLbTATCLcGENd2023-05-24l0o510.3 BALp6631r2023-05-24w2023-05-24yBKzBSCM2101 00104070aTATCLbTATCLcGENd2023-05-24l0o510.3 BALp6897r2023-05-24w2023-05-24yBKzBSCM2101 c26138d26138